[Event "URU-ch sf"]
[Site "Montevideo"]
[Date "2017.02.24"]
[Round "1"]
[White "Ferreyra, Dardo"]
[Black "Granara Barreto, Sebastian A"]
[Result "0-1"]
[WhiteElo "1847"]
[BlackElo "2164"]
[PlyCount "72"]
[EventDate "2017.02.24"]
[EventType "swiss"]
[EventRounds "8"]
[EventCountry "URU"]
[SourceTitle "CBM 177 Extra"]
[Source "ChessBase"]
[SourceDate "2017.04.27"]
[SourceVersion "1"]
[SourceVersionDate "2017.04.27"]
[SourceQuality "1"]

1. d4 Nf6 2. c4 e6 3. Nc3 Bb4 4. Qc2 c5 5. e3 0-0 6. Bd2 cxd4 7. exd4 d5 8. cxd5 Nxd5 9. Nf3 Nc6 10. Bd3 Nf6 11. Be3 Bd6 12. a3 e5 13. dxe5 Nxe5 14. Nxe5 Bxe5 15. h3 Be6 16. 0-0 Rc8 17. Rfd1 Qa5 18. Bd2 Rfd8 19. Rac1 Bb8 20. Bf1 Qh5 21. Qa4 Qg6 22. Qh4 Bb3 23. Be3 Bxd1 24. Rxd1 Rxd1 25. Nxd1 Qe4 26. Qg5 b6 27. g3 Qd5 28. Nc3 Qxg5 29. Bxg5 Be5 30. Ba6 Rc5 31. Nd1 Bxb2 32. Be3 Ra5 33. Bb7 Bxa3 34. Bd2 Rc5 35. Ne3 Rc7 36. Ba6 Ne4 0-1